| 000 | 01681cam a2200289 4500 | ||
|---|---|---|---|
| 001 | ##L123925 | ||
| 008 | #DATE n2004 000 0 eng u | ||
| 020 | _a1842191691 | ||
| 035 | _a(Sirsi) u123925 | ||
| 041 | 0 | _aeng | |
| 050 | 0 | 4 | _a333.332 $2 18 |
| 110 | 2 |
_aRoyal Institution of Chartered Surveyors _bValuation Faculty _94354 |
|
| 245 | 0 | 4 | _aThe capital and rental valuation of hotels in the UK |
| 260 |
_aCoventry _bRICS _c2004 |
||
| 300 |
_av, 12p. _c30cm. |
||
| 350 | _a20 | ||
| 490 | 0 | _aRICS Information Paper | |
| 490 | 0 |
_aRICS Valuation Information Paper _v6 |
|
| 505 | 2 | _aValuations of hotels as fully equipped and operational entities -- Trading potential and personal goodwill -- Licences, consents, certificates and permits -- Valuations for loan security purposes -- Other property -- Confidentiality | |
| 520 | _aConsiders the general approach to be adopted for the capital and rental valuation of hotels, and provides comment on selected aspects. This information paper is not intended to be fully comprehensive. | ||
| 520 | _aSupersedes "The valuation of hotels: the Royal Institution of Chartered Surveyors response to the Recommended Practice for the Valuation of Hotels issued by the British Association of Hotel Accountants" (M1503). | ||
| 650 | 2 | 4 | _aRICS appraisal and valuation standards |
| 690 | _aPROPERTY-COMMERCIAL PROPERTY-LEISURE PROPERTY-HOLIDAY AND GUEST PROPERTY-HOTEL PROPERTY | ||
| 710 | 2 |
_aRoyal Institution of Chartered Surveyors _bTrading Related Valuation Group _94457 |
|
| 856 | 4 | 1 |
_uhttps://www.rics.org/Global/Downloads/6_CapitalRentalValHotelsUK_2004.pdf _zView the guidance free of charge at www.rics.org/... |
| 942 | _n0 | ||
| 999 |
_c103128 _d103128 |
||